[Event "PUR-ch"]
[Site "San Juan"]
[Date "2016.04.01"]
[Round "1"]
[White "Machin Rivera, Mark"]
[Black "Fontanez Torres, Guillermo J"]
[Result "1-0"]
[WhiteElo "2347"]
[BlackElo "2079"]
[PlyCount "61"]
[EventDate "2016.04.01"]
[EventType "tourn"]
[EventRounds "11"]
[EventCountry "PUR"]
[SourceTitle "CBM 171 Extra"]
[Source "ChessBase"]
[SourceDate "2016.04.26"]
[SourceVersion "1"]
[SourceVersionDate "2016.04.26"]
[SourceQuality "1"]

1. c4 Nf6 2. Nc3 g6 3. g3 Bg7 4. Bg2 0-0 5. d4 d6 6. e3 e5 7. Nge2 Nc6 8. 0-0 exd4 9. exd4 Re8 10. h3 Bf5 11. g4 Bd7 12. Ng3 Na5 13. g5 Nh5 14. Nxh5 gxh5 15. Qxh5 Bf5 16. Qh4 Nxc4 17. Nd5 c6 18. Nf6+ Bxf6 19. gxf6 Re6 20. d5 cxd5 21. Bxd5 Ne5 22. Qg3+ Ng6 23. Bxe6 fxe6 24. Bg5 Kf7 25. Rfd1 Ne5 26. Rac1 Be4 27. Bf4 Nf3+ 28. Kf1 Qg8 29. Rc7+ Kxf6 30. Rxd6 Rc8 31. Rdd7 1-0